000 005080000a22001570004500
003 MACL
005 20160120172241.0
008 160120b xxu||||| |||| 00| 0 eng d
040 _aMACL
_cMACL
041 _aHindi
082 _a351.076
245 _aलोक सेवा आयोग सिविल सेवा परीक्षा
260 _bजी.के.पब्लिशर्स प्रा. लिमिटेड
650 _aPublic Administration
_933789
942 _cHIN
_k351.076 /GK
_2ddc
999 _c30633
_d30633